[Event "RUS-Cup02"]
[Site "Moscow"]
[Date "1998.??.??"]
[Round "4"]
[White "Kozlova, Olga"]
[Black "Chepukaitis, Genrikh"]
[Result "0-1"]
[WhiteElo "2255"]
[BlackElo "2420"]

1.e4 g6 2.d4 Bg7 3.Nc3 d6 4.h4 h6 5.Be3 a6 6.a4 Nf6 7.Be2 c5 8.h5 cxd4 9.Bxd4 g5
10.a5 O-O 11.Nh3 Nc6 12.Bb6 Qe8 13.Qd2 Nd7 14.Be3 Nc5 15.Nxg5 hxg5 16.h6 Bxc3
17.Qxc3 f6 18.Bh5 Ne6 19.Bb6 Qd7 20.g3 Kh8 21.O-O-O Ne5 22.Rdf1 Qa4 23.b3 Qc6
24.Qe3 Nd7 25.f4 Nxb6 26.axb6 Qc5 27.Qd3 Bd7 28.Bg4 Rac8 29.Rh2 Qa3+ 30.Kd2 Nc5
31.Qd4 Nxb3+  0-1

[Event "RUS-Cup02"]
[Site "Moscow"]
[Date "1998.??.??"]
[Round "4"]
[White "Bereslavsky, Mikhail"]
[Black "Afanasiev, Vadim"]
[Result "1/2-1/2"]
[WhiteElo "2075"]
[BlackElo "2305"]

1.e4 g6 2.d4 Bg7 3.Nc3 d6 4.Nf3 Nf6 5.Bf4 c6 6.Qd2 O-O 7.O-O-O Bg4 8.Be2 Qa5
9.Bh6 b5 10.h3 b4 11.hxg4 bxc3 12.Qf4 d5 13.Ng5 Bxh6 14.Rxh6 dxe4 15.Nxh7 Nxh7
16.Rxh7 Qxa2 17.bxc3  1/2-1/2

[Event "RUS-Cup02"]
[Site "Moscow"]
[Date "1998.??.??"]
[Round "6"]
[White "Kharlov, Andrei"]
[Black "Rashkovsky, Nukhim N"]
[Result "0-1"]
[WhiteElo "2560"]
[BlackElo "2505"]

1.e4 g6 2.d4 Bg7 3.Nc3 d6 4.Be3 c6 5.h3 b5 6.g4 Nd7 7.Bg2 Nb6 8.b3 h5 9.g5 d5
10.exd5 Nxd5 11.Nxd5 cxd5 12.c4 e6 13.c5 Ne7 14.Nf3 Nc6 15.O-O a5 16.Bf4 O-O
17.Bd6 Re8 18.Re1 b4 19.h4 Ba6 20.Ne5 Nxe5 21.Rxe5 a4 22.Re3 axb3 23.axb3 Bb5
24.Rb1 Ra2 25.Be5 Bxe5 26.Rxe5 f6 27.Re3 fxg5 28.Qe1 Qf6 29.hxg5 Qxg5 30.Rxe6 Rf8
31.Qe3 Qg4 32.Qh3 Qxh3 33.Bxh3 Kg7 34.Bg2 Rfxf2 35.Bxd5 Rf4 36.Re4 Rf5 37.Bb7 Rg5+
38.Kh1 Rg3 39.Rh4 Rd2 40.d5 Rc3 41.Rxb4 Rxc5 42.Re1 Be2 43.d6 Bg4 44.Rb6 Bf5
45.Kg1 Rc3 46.b4 Rg3+ 47.Kh1 Rb3 48.d7 Rxd7 49.Bc8 Rd5 50.Bxf5 Rxf5 51.Re2 Rf4
52.b5 Rf5 53.Rg2 Rf6 54.Rb7+ Kh6 55.Rb8 Rf1+ 56.Kh2 Rbb1 57.Rb6 Rh1+ 58.Kg3 Rhg1
59.Rxg1 Rxg1+ 60.Kf4 Rf1+ 61.Ke4 Kg5 62.Rc6 Rb1 63.b6 h4 64.Kf3 Rb3+ 65.Kg2 Kh5
66.Kh2 g5 67.Kg2 h3+ 68.Kf2  0-1

[Event "RUS-Cup02"]
[Site "Moscow"]
[Date "1998.??.??"]
[Round "6"]
[White "Belikov, Vladimir"]
[Black "Kastanieda, Georgiy"]
[Result "0-1"]
[WhiteElo "2520"]
[BlackElo "2395"]

1.e4 d6 2.d4 g6 3.Nc3 Bg7 4.Be3 a6 5.Qd2 b5 6.a4 b4 7.Nd1 a5 8.c3 bxc3 9.bxc3 Nf6
10.f3 c6 11.Bh6 O-O 12.h4 e5 13.Ne2 Re8 14.h5 Nbd7 15.Nf2 Ba6 16.Bxg7 Kxg7
17.hxg6 fxg6 18.Qh6+ Kg8 19.g4 Re7 20.Rd1 Rb8 21.Ng3 Bxf1 22.Kxf1 Rb2 23.Rd2 Qb6
24.Kg2 Rf7 25.Rhd1 Ne8 26.Rxb2 Qxb2 27.Qd2 Qb3 28.g5 exd4 29.Qxd4 Ne5 30.Ng4 Nxg4
31.fxg4 Qe6 32.e5 dxe5 33.Qe4 Rf4 34.Qe2 Nd6 35.Re1 Rxg4 36.Rd1 Nf5 37.Rd8+ Kg7  0-1

[Event "Moscow-ch op"]
[Site "Moscow"]
[Date "1998.??.??"]
[Round "7"]
[White "Gersov, Evgeny"]
[Black "Krasnov, Sergey"]
[Result "1-0"]
[WhiteElo "2245"]
[BlackElo "2330"]

1.e4 g6 2.d4 Bg7 3.Nc3 d6 4.Be3 c6 5.Nge2 Nd7 6.f3 b5 7.Qd2 Qa5 8.g4 h5 9.g5 b4
10.Nd1 e6 11.h4 Ne7 12.Ng3 O-O 13.Be2 c5 14.O-O d5 15.a3 Qc7 16.Kg2 dxe4
17.fxe4 cxd4 18.Bxd4 Qd6 19.Be3 Qxd2 20.Bxd2 bxa3 21.Rxa3 Nc6 22.c3 Rd8 23.Be3 Bf8
24.b4 Bb7 25.Ra2 Nb6 26.Nb2 Rd7 27.Rfa1 Nc8 28.Nd3 Rb8 29.b5 Nd8 30.Nc5 Rc7
31.Bf4 Bd6 32.Rd1 Kg7 33.Rad2  1-0

[Event "RUS-Cup02"]
[Site "Moscow"]
[Date "1998.??.??"]
[Round "8"]
[White "Ageichenko, Genadi A"]
[Black "Bitman, Alexander R"]
[Result "1-0"]
[WhiteElo "2360"]
[BlackElo "2230"]

1.e4 g6 2.d4 Bg7 3.Nc3 d6 4.Nf3 Bg4 5.Be2 Nf6 6.O-O O-O 7.Be3 Nc6 8.d5 Bxf3
9.Bxf3 Ne5 10.Be2 c6 11.f4 Ned7 12.Bf3 Qa5 13.Qe1 Rfc8 14.Bd4 Nb6 15.dxc6 bxc6
16.Rd1 Nfd7 17.Bxg7 Kxg7 18.Kh1 Qc5 19.b3 Rd8 20.Rd3 Kh8 21.Ne2 Rac8 22.c4 g5
23.Qc3+ f6 24.Nd4 gxf4 25.Ne6 Qe5 26.Nxd8 Rxd8 27.Bg4 Nc5 28.Qxe5 fxe5 29.Rh3 Nxe4
30.Bf5 Nf6 31.g3 d5 32.gxf4 exf4 33.Rxf4 dxc4 34.bxc4 Kg7 35.Be6 h5 36.Rg3+ Kh8
37.a3 Na4 38.Bf7 Rd1+ 39.Rg1 Rd3 40.Bxh5 Rxa3  1-0

[Event "RUS-Cup02"]
[Site "Moscow"]
[Date "1998.??.??"]
[Round "9"]
[White "Afonin, Alexey"]
[Black "Bereslavsky, Mikhail"]
[Result "1/2-1/2"]
[WhiteElo "2190"]
[BlackElo "2075"]

1.e4 d6 2.d4 g6 3.Nc3 Bg7 4.Nf3 Nf6 5.Be2 O-O 6.O-O Bg4 7.h3 Bxf3 8.Bxf3 Nc6
9.Be3 e5 10.dxe5 dxe5 11.Ne2 Qe7 12.c3 Nd8 13.Qc2 Ne6 14.g3 Ne8 15.Bg2 Nd6
16.Rad1 Nc4 17.Bc1 c6 18.b3 Na3 19.Qb2 Nb5 20.a4 Nbc7 21.Qc2 a5 22.Be3 f5
23.f4 exf4 24.Nxf4 Nc5 25.Rfe1 fxe4 26.Bf2 Rfe8 27.b4 axb4 28.cxb4 Nxa4 29.Rxe4 Qf7
30.Rxe8+ Qxe8 31.Bf1 Nc3 32.Qb3+ Kh8 33.Re1 Qd7 34.Ne6 Nxe6 35.Qxe6 Qxe6
36.Rxe6 Nd5 37.b5 cxb5 38.Bxb5 Nc7 39.Rb6 Nxb5 40.Rxb5 Ra1+ 41.Kg2 Ra2 42.Kg1 Rb2
43.Rxb2 Bxb2 44.Bb6 Kg7 45.Kf2 Kf6 46.Ke3 Ke5 47.g4 Bc1+ 48.Kf3 Kd5 49.h4 Bd2
50.h5 g5 51.Ke2 Bc1 52.Kd3 Bf4 53.Bd8 b5 54.Be7 Ke6 55.Bd8 Kd5 56.Be7 Ke5
57.Bd8 Kd5  1/2-1/2

[Event "Goldberg mem"]
[Site "Moscow"]
[Date "1998.??.??"]
[Round "13"]
[White "Belikov, Vladimir"]
[Black "Korotylev, Alexey"]
[Result "1/2-1/2"]
[WhiteElo "2520"]
[BlackElo "2470"]

1.e4 g6 2.d4 d6 3.Nc3 Bg7 4.Be3 a6 5.Qd2 b5 6.Bd3 Nd7 7.Nce2 c5 8.c3 Bb7
9.Nf3 Ngf6 10.Ng3 Ng4 11.Bg5 h6 12.Bh4 cxd4 13.cxd4 O-O 14.O-O Ngf6 15.Rfe1 e5
16.Rad1 Re8 17.Bb1 Qb6 18.h3 Rac8 19.a3 exd4 20.Nxd4 d5 21.exd5 Nxd5 22.Rxe8+ Rxe8
23.Ba2 N7f6 24.Bb1 Qc7 25.Nge2 Ne4 26.Bxe4 Rxe4 27.Bg3 Qb6 28.Nb3 Re8 29.Nf4 Nf6
30.Qa5 Qxa5 31.Nxa5 Ba8 32.f3 g5 33.Nd3 Nd5  1/2-1/2

[Event "Goldberg mem"]
[Site "Moscow"]
[Date "1998.??.??"]
[Round "14"]
[White "Belikov, Vladimir"]
[Black "Gelman, Alexander"]
[Result "0-1"]
[WhiteElo "2520"]
[BlackElo "2440"]

1.e4 d6 2.d4 g6 3.Nc3 Bg7 4.Be3 a6 5.Qd2 Nd7 6.Nf3 b5 7.a4 b4 8.Ne2 Rb8 9.Ng3 Bb7
10.Bd3 c5 11.O-O cxd4 12.Nxd4 Ngf6 13.Bh6 O-O 14.Ndf5 Bxh6 15.Qxh6 Ne8 16.Ne3 Qb6
17.Rad1 Ne5 18.Rfe1 Qc5 19.Ngf5 gxf5 20.Nxf5 Ng6 21.Re3 f6 22.b3 Rf7 23.Bc4 d5
24.Rxd5 Bxd5 25.Bxd5 e6 26.Bxe6 Rb7 27.Rh3 Nf8 28.Bc4 Qe5 29.Rg3+ Kh8 30.h3 Ne6
31.Qe3 Rf8 32.Bxa6 Rd7 33.Bd3 N8g7 34.Nh4 Qf4 35.Qxf4 Nxf4 36.Bc4 Rd2 37.Rf3 Ne2+
38.Kf1 Nc3  0-1

[Event "EU-ch U18"]
[Site "Murek"]
[Date "1998.??.??"]
[Round "1"]
[White "Hautot, Stephane"]
[Black "Bitansky, Igor"]
[Result "1-0"]
[WhiteElo "2085"]
[BlackElo "2325"]

1.e4 g6 2.d4 Bg7 3.Nc3 d6 4.Be3 Nf6 5.f3 c6 6.Qd2 b5 7.g4 h5 8.g5 Nfd7 9.f4 Nb6
10.Nf3 O-O 11.Nh4 e5 12.dxe5 dxe5 13.f5 Qxd2+ 14.Bxd2 gxf5 15.exf5 Rd8 16.Rg1 Rd4
17.Nf3 Bxf5 18.Nxd4 exd4 19.Ne2 N8d7 20.O-O-O Nc4 21.Ng3 Bg6 22.Bd3 Nde5
23.Bf4 Ng4 24.b3 Nce3 25.Bxe3 Nxe3 26.Rde1 c5 27.Nf1 b4 28.Rg3 Be5 29.Rf3 Kg7
30.h3 Re8 31.Kd2 Ng2 32.Re2 Bf4+ 33.Kd1 Rxe2 34.Bxe2 Be4 35.Rf2 Bxg5 36.Bxh5 f6
37.Bf3 Ne3+ 38.Nxe3 dxe3 39.Rf1 Bxf3+ 40.Rxf3 Kg6 41.Ke2 f5 42.Rxe3 Bxe3
43.Kxe3 Kg5 44.Kf3 Kh4 45.Kf4 Kxh3 46.Kxf5 Kg3 47.Ke4 Kf2 48.Kd5 Ke3 49.Kxc5 Kd2
50.Kxb4 Kxc2 51.a4 Kb2 52.a5 Kc2 53.Kc4 Kb2 54.b4 Ka3 55.b5  1-0

[Event "EU-ch U18"]
[Site "Murek"]
[Date "1998.??.??"]
[Round "1"]
[White "Moiseenko, Alexander"]
[Black "Lehtinen, Heikki"]
[Result "1-0"]
[WhiteElo "2405"]
[BlackElo "2190"]

1.d4 d6 2.e4 g6 3.Nc3 Bg7 4.Nf3 Nf6 5.Bg5 O-O 6.Qd2 a6 7.O-O-O b5 8.Bd3 Nbd7
9.Bh6 c5 10.Bxg7 Kxg7 11.e5 Ne8 12.Be4 Rb8 13.h4 cxd4 14.Qxd4 Qb6 15.Qd2 h5
16.Qg5 Nc5 17.Qxe7 b4 18.Nd5 Qb7 19.exd6 Be6 20.d7 Nxd7 21.Nf6 Qc7 22.Nxd7 Rd8
23.Qxf8+  1-0

[Event "EU-ch U16"]
[Site "Murek"]
[Date "1998.??.??"]
[Round "3"]
[White "Kovchan, Alexander"]
[Black "Bokros, Albert"]
[Result "1/2-1/2"]
[WhiteElo "2330"]
[BlackElo "2365"]

1.e4 g6 2.d4 Bg7 3.Nc3 d6 4.f4 Nc6 5.d5 Nd4 6.Bd3 c6 7.Be3 Qb6 8.Qc1 f5 9.dxc6 bxc6
10.Nge2 fxe4 11.Bxe4 d5 12.Nxd4 Bxd4 13.Bxd4 Qxd4 14.Bf3 Rb8 15.Rb1 Nf6 16.Qd2 Qb6
17.Qf2 Qxf2+ 18.Kxf2 Bf5 19.Rhc1 O-O 20.b4 Be4 21.Nxe4 dxe4 22.Be2 Nd5 23.g3 g5
24.c4 Nxb4 25.Ke3 Nxa2 26.Rxb8 gxf4+ 27.gxf4 Rxb8 28.Ra1 Rb3+ 29.Kxe4 Nc3+
30.Kd3 Nxe2+ 31.Kxe2 Kf7 32.Rxa7 Rc3 33.Ra4 Rc2+ 34.Kd3 Rxh2 35.Ra6 Rh6 36.Ke4 Rf6
37.Ra8 Ke6 38.Rh8 Rh6 39.Rg8 Kd6 40.Kd4 Rh4 41.Rd8+ Kc7 42.Rf8 Rh1 43.Kc5 Kd7
44.Ra8 h5 45.Ra7+ Ke6 46.Kxc6 h4 47.Ra5 Rc1 48.Re5+ Kf6 49.c5 Rc4  1/2-1/2

[Event "EU-ch U18"]
[Site "Murek"]
[Date "1998.??.??"]
[Round "3"]
[White "Shavtvaladze, Nikoloz"]
[Black "Lopez Martinez, Jose Manuel"]
[Result "1/2-1/2"]
[WhiteElo "2215"]
[BlackElo "2350"]

1.e4 d6 2.d4 g6 3.Nc3 Bg7 4.f4 Nf6 5.Nf3 O-O 6.Bd3 c5 7.dxc5 dxc5 8.e5 Nd5
9.Nxd5 Qxd5 10.Qe2 Na6 11.O-O Qc6 12.Bd2 Be6 13.c4 Rad8 14.Be4 Qb6 15.Bc3 Nc7
16.b3 f5 17.exf6 exf6 18.Qe1 Rfe8 19.Ba5 Qd6 20.Rd1 Qxd1 21.Qxd1 Rxd1 22.Rxd1 b6
23.Bc6 Re7 24.Bc3 Kf7 25.Kf2 Bf5 26.Rd6 Re6 27.Rd7+ Re7 28.Rd6 Bb1 29.Rd1 Be4
30.Bxe4 Rxe4 31.g3 Re7 32.Nh4 Ne6 33.Nf3 Bf8 34.Nh4 Rc7 35.Ng2 Bg7 36.Ne3 f5
37.Bxg7 Nxg7 38.Nd5 Rd7 39.Nc3 Rxd1 40.Nxd1 Ne6 41.Nc3 Nd4 42.Nb5 Nxb5 43.cxb5 Ke7
44.Ke2 Kd7 45.Kd3 Ke6 46.Ke3 Kd6 47.Kd2 Kd5 48.Kd3  1/2-1/2

[Event "EU-ch U18 Girls"]
[Site "Murek"]
[Date "1998.??.??"]
[Round "4"]
[White "Morkunaite, Egle"]
[Black "Calota, Alina"]
[Result "0-1"]
[WhiteElo "2065"]
[BlackElo "2175"]

1.e4 g6 2.d4 Bg7 3.Nc3 d6 4.Be3 a6 5.Qd2 b5 6.f3 Nd7 7.d5 Bb7 8.Bd4 Ngf6
9.a4 b4 10.Nd1 a5 11.Bb5 O-O 12.c4 Rc8 13.Ne2 e5 14.Be3 Nh5 15.g4 Nf4 16.Bxd7 Qxd7
17.Nxf4 exf4 18.Bxf4 Qe7 19.Bg5 f6 20.Bh4 Rce8 21.Ne3 Bc8 22.O-O-O Bd7 23.b3 Qe5
24.Qc2 Bh6 25.Bf2 f5 26.gxf5 Bxf5 27.Kb1 Bg7 28.Ka2 Bd7 29.Bg3 Qf6 30.Rhf1 h5
31.c5 Bh3 32.Ng2 Rf7 33.f4 Rxe4 34.Bh4 Qc3 35.Rf2 Qxc2+ 36.Rxc2 Bxg2 37.Rxg2 Rexf4
38.Bg3 Rf1 39.Rgd2 dxc5 40.Kb1 Bd4 41.Kc2 R1f3 42.Rd3 R3f5 43.d6 cxd6 44.Bxd6 Kg7
45.Bg3 g5 46.h3 Kg6 47.Kd2 h4 48.Be1 Re7 49.Kc2 Re2+ 50.R3d2 Re3 51.Rd3 Rff3
52.Rxe3 Rxe3 53.Bd2 Rxh3 54.Re1 Bc3 55.Re6+ Kf5 56.Rc6 Rh2 57.Rxc5+ Ke4 58.Rxg5 Rxd2+
59.Kc1 h3 60.Rxa5 h2 61.Rh5 Rg2  0-1

[Event "EU-ch U18"]
[Site "Murek"]
[Date "1998.??.??"]
[Round "6"]
[White "Kapnisis, Spyridon"]
[Black "Postniy, Evgeny"]
[Result "0-1"]
[WhiteElo "2290"]
[BlackElo "2260"]

1.e4 g6 2.d4 Bg7 3.Nc3 d6 4.Nf3 a6 5.Be2 b5 6.O-O Nd7 7.Bg5 Bb7 8.Re1 c5
9.a4 cxd4 10.Nxd4 bxa4 11.Nd5 Ngf6 12.Nxf6+ Nxf6 13.Bf3 h6 14.e5 Bxf3 15.Qxf3 dxe5
16.Rxe5 hxg5 17.Nc6 Qd6 18.Rxe7+ Kf8 19.Rae1 Qxh2+ 20.Kf1 Qf4 21.Rxf7+ Kxf7
22.Ne5+ Kg8 23.Qxa8+ Kh7 24.Qb7 Re8  0-1

[Event "EU-ch U18"]
[Site "Murek"]
[Date "1998.??.??"]
[Round "7"]
[White "Dovlatov, Sanan"]
[Black "Postniy, Evgeny"]
[Result "1/2-1/2"]
[WhiteElo "2285"]
[BlackElo "2260"]

1.e4 g6 2.d4 Bg7 3.Nc3 d6 4.Bc4 Nc6 5.Nf3 Nf6 6.h3 O-O 7.O-O e5 8.dxe5 Nxe5
9.Nxe5 dxe5 10.Bg5 c6 11.Qxd8 Rxd8 12.Rfd1 Rd7 13.Rxd7 Bxd7 14.Rd1 Be8 15.a4 h6
16.Be3 Bf8 17.Kf1 Kg7 18.Ke2 Bb4 19.Na2 Ba5 20.f3 Bb6 21.g4 Bxe3 22.Kxe3 Kf8
23.a5 Ke7 24.Nb4 Rd8 25.Nd3 Nd7 26.b4 f6 27.c3 Nf8 28.h4 Rd6 29.Ra1 Nd7 30.Bb3 Bf7
31.Bxf7 Kxf7 32.Rb1 Ke7 33.Ra1 Kd8 34.Nb2 Nf8 35.Nc4 Rd7 36.g5 hxg5 37.hxg5 Ke7
38.Rh1 Kf7 39.gxf6 Kxf6 40.Nb2 Rh7 41.Rxh7 Nxh7 42.Nd3 b6 43.axb6 axb6  1/2-1/2

[Event "EU-ch U14"]
[Site "Murek"]
[Date "1998.??.??"]
[Round "9"]
[White "Shkuran, Daniil"]
[Black "Verhovodko, Sergei"]
[Result "1-0"]
[WhiteElo "2245"]
[BlackElo "2185"]

1.e4 g6 2.d4 Bg7 3.Nc3 d6 4.Nf3 Nf6 5.Be2 O-O 6.O-O c6 7.a4 a5 8.h3 Qc7 9.Be3 e5
10.Qd2 Re8 11.dxe5 dxe5 12.Bc5 Rd8 13.Qe3 Nbd7 14.Rad1 Nxc5 15.Qxc5 Nd7 16.Nd5 Qb8
17.Ne7+ Kh8 18.Qc4 Rf8 19.Ng5 Bf6 20.Nxf7+ Kg7 21.Nxc8 Qxc8 22.Nd6 Qc7 23.Nb5 Qd8
24.Bg4 Nb6 25.Qb3 Qe7 26.Nd6 Qc7 27.c4 c5 28.Nb5 Qf7 29.Nc3 Nc8 30.Rd7 Ne7
31.Nb5 h5 32.Nd6 Qg8 33.Bxh5 gxh5 34.Nf5+ Kh8 35.Nxe7 Qg7 36.Qxb7 Rab8 37.Qc7 Rxb2
38.Nd5 Qg6 39.Nxf6 Qxf6 40.Rh7+  1-0

[Event "EU-ch U18 Girls"]
[Site "Murek"]
[Date "1998.??.??"]
[Round "9"]
[White "Ionica, Iulia"]
[Black "Zozulia, Anna"]
[Result "0-1"]
[WhiteElo "2195"]
[BlackElo "2315"]

1.e4 g6 2.d4 Bg7 3.Nc3 d6 4.Nf3 Nf6 5.h3 c6 6.a4 Nbd7 7.Be2 O-O 8.O-O e5
9.dxe5 dxe5 10.Be3 Qe7 11.Qd3 Nh5 12.g3 Nc5 13.Qc4 Na6 14.Bg5 Qc7 15.Kg2 h6
16.Bc1 Be6 17.Qd3 Nb4 18.Qd1 Rad8 19.Bd2 f5 20.Qc1 Qc8 21.Rh1 fxe4 22.Nxe4 Nd5
23.Bxh6 Nhf4+ 24.Bxf4 exf4 25.g4 Rfe8 26.Nfg5 f3+ 27.Bxf3 Rf8 28.Ra3 Nf4+
29.Kh2 Qc7 30.Ng3 Qb6 31.Re3 Be5  0-1

[Event "CERA Bank op"]
[Site "NED"]
[Date "1998.??.??"]
[Round "?"]
[White "Thirion, Marcel"]
[Black "Chernin, Alexander"]
[Result "0-1"]
[WhiteElo "2220"]
[BlackElo "2645"]

1.e4 g6 2.d4 Bg7 3.Nc3 d6 4.f4 a6 5.a4 Nf6 6.Nf3 c5 7.d5 O-O 8.Bc4 Ne8 9.O-O b6
10.Qe1 Bg4 11.Qh4 Bxf3 12.Rxf3 Bf6 13.Qh6 Bg7 14.Qh4 h5 15.f5 Nd7 16.fxg6 fxg6
17.Rxf8+ Nxf8 18.Bg5 Ra7 19.Rf1 Nh7 20.e5 Bxe5 21.Bd3 Nf8 22.Bxg6 Nxg6 23.Qxh5 Nh8
24.Qh6 Ng7 25.Rf3 Nf7 26.Qg6 Bd4+ 27.Kh1 Ne5 28.Qh6 Nxf3 29.Ne4 Qf8 30.h4 Qf5  0-1

[Event "New Castle on Tyne op"]
[Site "New Castle on Tyne"]
[Date "1998.??.??"]
[Round "9"]
[White "Storey, Charles"]
[Black "McNab, Colin Anderson"]
[Result "0-1"]
[WhiteElo "2225"]
[BlackElo "2500"]

1.d4 d6 2.e4 g6 3.Nc3 Bg7 4.g3 Nc6 5.Be3 e5 6.Nge2 Nf6 7.h3 d5 8.Bg2 Nxe4
9.Nxe4 dxe4 10.d5 Ne7 11.Bxe4 Nf5 12.Bc5 Nd6 13.Bg2 O-O 14.O-O Re8 15.b3 b6
16.Ba3 e4 17.c4 e3 18.Rc1 Bd7 19.Kh2 h5 20.Nd4 h4 21.g4 Qe7 22.fxe3 Qxe3
23.Bxd6 cxd6 24.Nf3 Qf4+ 25.Kh1 Qg3 26.Qd2 Bxg4 27.Qf2 Qxf2 28.Rxf2 Bxf3
29.Bxf3 Re3 30.Rcc2 Be5 31.Kg2 f5 32.b4 Rc8 33.Kf1 Bg3  0-1

[Event "New York op"]
[Site "New York"]
[Date "1998.??.??"]
[Round "9"]
[White "Yermolinsky, Alex"]
[Black "Schmaltz, Roland"]
[Result "1/2-1/2"]
[WhiteElo "2660"]
[BlackElo "2470"]

1.d4 g6 2.e4 Bg7 3.Nc3 d6 4.Bg5 a6 5.Nf3 Nd7 6.a4 b6 7.Bc4 Bb7 8.O-O h6 9.Bh4 Ngf6
10.Re1 e5 11.dxe5 dxe5 12.Nd5 O-O 13.Nxf6+ Nxf6 14.Nxe5 g5 15.Bg3 Nxe4 16.Qh5 Qf6
17.Re3 Nd6 18.Bd3 Nf5 19.Re2 Rfe8 20.Rae1 Nxg3 21.hxg3 Re7 22.Qh3 Qd6 23.Qf5 Rxe5
24.Rxe5 Bxe5 25.Rxe5 Kf8 26.f4 Re8 27.Kh2 gxf4 28.gxf4 Rxe5 29.Qxe5 Qxe5
30.fxe5 Ke7  1/2-1/2

[Event "Newport"]
[Site "Newport"]
[Date "1998.??.??"]
[Round "5"]
[White "Kargin, Arseny"]
[Black "Saunders, John C"]
[Result "1/2-1/2"]
[WhiteElo "2285"]
[BlackElo "2225"]

1.e4 g6 2.d4 Bg7 3.Nc3 d6 4.f4 Nd7 5.Nf3 c5 6.Be3 a6 7.a4 Ngf6 8.Be2 O-O
9.d5 Ng4 10.Bc1 Rb8 11.h3 Ngf6 12.O-O Qa5 13.Bd2 c4 14.Kh2 Qc7 15.Qe1 b5
16.axb5 axb5 17.Nd4 Ng4+ 18.hxg4 Bxd4 19.Rh1 Re8 20.Qh4 Nf8 21.Raf1 Bd7 22.f5 Qc5
23.Rf3 b4 24.Nd1 Be5+ 25.Bf4 Qd4 26.Bxe5 Qxe5+ 27.Kg1 Qxe4 28.Kf1 Ra8 29.fxg6 Qxg6
30.Bxc4 Ra1 31.Kf2 Qxc2+ 32.Kg3 Qxc4 33.Ne3 Qa2 34.Qg5+ Ng6 35.Rxh7 Qxb2
36.Rfxf7 Qe5+ 37.Qxe5 Nxe5 38.Rhg7+ Kh8 39.Rh7+ Kg8 40.Rhg7+ Kh8 41.Rh7+  1/2-1/2

[Event "Newport"]
[Site "Newport"]
[Date "1998.??.??"]
[Round "6"]
[White "Beaumont, Chris"]
[Black "Saunders, John C"]
[Result "1-0"]
[WhiteElo "2335"]
[BlackElo "2225"]

1.d4 g6 2.e4 d6 3.Nc3 Bg7 4.Be3 a6 5.Qd2 b5 6.a4 b4 7.Nce2 a5 8.Ng3 Ba6 9.Bxa6 Nxa6
10.Nf3 h5 11.h4 Nf6 12.O-O Ng4 13.Bg5 O-O 14.c3 Qd7 15.Qe2 bxc3 16.bxc3 Rfb8
17.Qc4 c6 18.Rfb1 Rxb1+ 19.Rxb1 Rb8 20.Rxb8+ Nxb8 21.Qb3 Qc7 22.Bxe7 c5 23.Ng5 c4
24.Qb5 Qxe7 25.Qxb8+ Bf8 26.Qc8 d5 27.Qc6 dxe4 28.N3xe4 Bh6 29.f3 Bxg5 30.hxg5 Qa3
31.fxg4 Qc1+ 32.Kh2 Qf4+ 33.g3 Qe3 34.gxh5 Qe2+ 35.Kg1 Qe1+ 36.Kg2 Qe2+ 37.Nf2 gxh5  1-0

[Event "Newport"]
[Site "Newport"]
[Date "1998.??.??"]
[Round "8"]
[White "Tan, Desmond"]
[Black "Dunnington, Angus J"]
[Result "1/2-1/2"]
[WhiteElo "2110"]
[BlackElo "2390"]

1.e4 g6 2.d4 d6 3.Nc3 Bg7 4.h3 a6 5.a4 Nf6 6.Nf3 O-O 7.Be2 b6 8.O-O e6 9.Re1 Bb7
10.Bf1 Nbd7 11.Bg5 h6 12.Bh4 e5 13.dxe5 dxe5 14.Bc4 Qe7 15.Qe2 c6 16.Nh2 b5
17.Bd3 Nc5 18.Ng4 h5 19.Ne3 Qc7 20.f3 Ne6 21.Qf1 Nd7 22.Bf2 Nf4 23.Red1 Nc5
24.g3 Nfe6 25.Qg2 Rad8 26.Bf1 Bc8 27.axb5 axb5 28.h4 Rxd1 29.Rxd1 Rd8 30.Rxd8+ Qxd8
31.Be1 Bh6 32.Ncd1 Nd4 33.b4 Na4 34.c3 Ne6 35.Qd2 Qxd2 36.Bxd2 Bd7 37.Kf2 Nb6  1/2-1/2

[Event "NOR-chT"]
[Site "NOR"]
[Date "1998.??.??"]
[Round "?"]
[White "Kolas, Tore"]
[Black "Hagesaether, Nina"]
[Result "1/2-1/2"]
[WhiteElo "2170"]
[BlackElo "2090"]

1.e4 d6 2.d4 g6 3.Nc3 Bg7 4.Bg5 h6 5.Be3 Nf6 6.h3 c6 7.Qd2 b5 8.Bd3 Nbd7
9.Nf3 Nb6 10.O-O Qc7 11.Bf4 Nh5 12.Bh2 e5 13.g4 exd4 14.Ne2 Nf6 15.e5 Nxg4
16.hxg4 dxe5 17.Rae1  1/2-1/2

[Event "Nova Gorica op"]
[Site "Nova Gorica"]
[Date "1998.??.??"]
[Round "4"]
[White "Djurkovic, Maks"]
[Black "Nikolov, Sasho"]
[Result "0-1"]
[WhiteElo "2145"]
[BlackElo "2415"]

1.d4 g6 2.e4 Bg7 3.Nc3 d6 4.g3 Nc6 5.Be3 e5 6.dxe5 Nxe5 7.h3 Ne7 8.f4 N5c6
9.Nge2 f5 10.exf5 Bxf5 11.Bg2 Qd7 12.Nd4 O-O-O 13.Qd2 Nxd4 14.Bxd4 Bxd4 15.Qxd4 Nc6
16.Qa4 Rde8+ 17.Kd2 Re7 18.g4 Be6 19.Bxc6 Qxc6 20.Qxc6 bxc6 21.Rae1 Kd7 22.Ne4 Rf8
23.Rhf1 h6 24.g5 Bxh3 25.Rh1 Rxe4 26.Rxe4 Bg2 27.Ree1 Bxh1 28.Rxh1 hxg5 29.fxg5 Rf2+
30.Kc3 Rg2 31.Rh8 Rxg5 32.Ra8 a5 33.a3 Rf5 34.b4 Rf3+ 35.Kb2 axb4 36.a4 c5
37.Rb8 Ra3 38.Ra8  0-1

[Event "RUS-ch sf"]
[Site "Novosibirsk"]
[Date "1998.??.??"]
[Round "?"]
[White "Frolov, Denis"]
[Black "Petrov, Sergei"]
[Result "1-0"]
[WhiteElo "2350"]
[BlackElo "2260"]

1.e4 d6 2.d4 g6 3.Nc3 Bg7 4.Bg5 c6 5.Nf3 Bg4 6.Qd2 b5 7.h3 Bxf3 8.gxf3 Qb6
9.Be3 a6 10.f4 Nd7 11.e5 d5 12.f5 gxf5 13.a4 b4 14.Ne2 e6 15.a5 Qb7 16.Nf4 Bf8
17.Be2 Ne7 18.Nh5 h6 19.Nf4 c5 20.Bh5 Qc6 21.Qe2 Rh7 22.dxc5 Nxe5 23.Bd4 N5g6
24.Nd3 Rb8 25.Qd2 b3 26.c3 Qc7 27.Nb4 Rxb4 28.cxb4 e5 29.Bc3 d4 30.O-O-O Qc6
31.Bxd4 Qa4 32.Qd3 Nf4 33.Qxa6 exd4 34.Qa8+ Kd7 35.Rxd4+ Ned5 36.Rxd5+ Ke6
37.Re1+ Kf6 38.Rxf5+ Kxf5 39.Qe4+ Kg5 40.h4+  1-0

[Event "RUS-ch sf"]
[Site "Novosibirsk"]
[Date "1998.??.??"]
[Round "?"]
[White "Petrov, Sergei"]
[Black "Pres, Grigorii"]
[Result "0-1"]
[WhiteElo "2260"]
[BlackElo "2315"]

1.e4 g6 2.Nc3 Bg7 3.d4 d6 4.f4 c6 5.Nf3 Nd7 6.Bc4 e6 7.Bb3 Ne7 8.O-O O-O
9.Be3 Nf6 10.Kh1 b5 11.e5 Nfd5 12.Nxd5 exd5 13.a4 b4 14.a5 Rb8 15.Qd2 Bg4
16.Ne1 Rb5 17.Nd3 dxe5 18.fxe5 Nf5 19.Ba4 Rxa5 20.Nxb4 Qh4 21.Bf2 Qh5 22.Bxc6 Bh6
23.Qc3 Bf4 24.h3 Be2 25.Rxa5 Bxf1 26.Bxd5 Qg5 27.Rxa7 Bd2 28.Qc6 Bxb4 29.Rxf7 Bxg2+
30.Kh2 Bxd5 31.Rxf8+ Kxf8 32.Qxd5 Bd2 33.Qf3 Bf4+ 34.Kh1 Kg7 35.b4 Be3 36.Bxe3 Nxe3
37.Qf2 Nf5 38.b5 Qc1+ 39.Kg2 Qg5+ 40.Kf3 Qc1 41.Kg2 Qb2 42.c4 Qb3 43.c5 Qxb5
44.d5 Qd3  0-1

[Event "Nyirsegi Torna op"]
[Site "Nyirsegi Torna"]
[Date "1998.??.??"]
[Round "2"]
[White "Arato, Bela"]
[Black "Mester, Gyula"]
[Result "0-1"]
[WhiteElo "2085"]
[BlackElo "2400"]

1.e4 g6 2.d4 Bg7 3.Nc3 d6 4.Be3 Nf6 5.f3 c6 6.Qd2 b5 7.Bh6 Bxh6 8.Qxh6 b4
9.Nce2 Qa5 10.g4 Nbd7 11.g5 Nh5 12.Ng3 b3+ 13.c3 Qxa2 14.Rd1 Qxb2 15.N1e2 Ba6
16.Nxh5 gxh5 17.Nf4 Qxc3+ 18.Kf2 Qc2+ 19.Be2 Bxe2 20.Nxe2 b2 21.Qg7 Rf8 22.Qxh7 Rb8
23.Rb1 a5 24.Qxh5 d5 25.g6 fxg6 26.Qxg6+ Kd8 27.Qe6 Rb3 28.f4 Rxf4+  0-1

[Event "Nyirsegi Torna op"]
[Site "Nyirsegi Torna"]
[Date "1998.??.??"]
[Round "3"]
[White "Parkanyi, Attila"]
[Black "Mester, Gyula"]
[Result "1-0"]
[WhiteElo "2395"]
[BlackElo "2400"]

1.e4 g6 2.d4 Bg7 3.Nc3 d6 4.f4 c6 5.Nf3 Bg4 6.Be2 d5 7.e5 Bxf3 8.Bxf3 h5
9.Be3 Nh6 10.Qd2 e6 11.Ne2 Bf8 12.g3 Nd7 13.h3 Nf5 14.Bf2 Rc8 15.c3 c5 16.O-O Qa5
17.Kg2 cxd4 18.Nxd4 Nxd4 19.Bxd4 Nb6 20.a4 Nc4 21.Qe2 Qa6 22.b4 Be7 23.f5 gxf5
24.Bxh5 Bg5 25.b5 Qa5 26.g4 f4 27.h4 Bxh4 28.Rxf4 Rc7 29.Rh1  1-0

[Event "Atom Cup IM 3rd"]
[Site "Paks"]
[Date "1998.??.??"]
[Round "2"]
[White "Sebe, Razvan"]
[Black "Sebe, Florin"]
[Result "1-0"]
[WhiteElo "2120"]
[BlackElo "2235"]

1.e4 g6 2.d4 Bg7 3.Nc3 d6 4.g3 Nf6 5.Bg2 O-O 6.Nge2 Nc6 7.h3 Bd7 8.O-O e5
9.Be3 exd4 10.Nxd4 Re8 11.Kh2 Rb8 12.Re1 a6 13.a3 b5 14.Nxc6 Bxc6 15.e5 Bxg2
16.exf6 Bxh3 17.fxg7 Bc8 18.Bg5 Rxe1 19.Bxd8 Rxd1 20.Rxd1 Bg4 21.Bxc7 Bxd1
22.Bxb8 Bxc2 23.Bxd6 Kxg7 24.Be5+ f6 25.Bd4  1-0

[Event "Atom Cup GM 3rd"]
[Site "Paks"]
[Date "1998.??.??"]
[Round "6"]
[White "Bakre, Tejas"]
[Black "Dumitrache, Dragos"]
[Result "0-1"]
[WhiteElo "2290"]
[BlackElo "2420"]

1.e4 g6 2.d4 Bg7 3.Nc3 d6 4.f3 c6 5.Be3 b5 6.Qd2 Nd7 7.g4 Nb6 8.h4 h5 9.g5 e6
10.Kf2 Ne7 11.Re1 O-O 12.Nd1 Qc7 13.Bd3 e5 14.dxe5 dxe5 15.Bc5 Na4 16.Be3 a5
17.c4 Rd8 18.Qc2 bxc4 19.Bxc4 Nb6 20.Bxb6 Qxb6+ 21.Ne3 Rb8 22.b3 Bd7 23.Ne2 Nc8
24.Rd1 Na7 25.Rd3 Be8 26.Rhd1 Rxd3 27.Qxd3 Bf8 28.Nc3 Be7 29.Kg3 Rd8 30.Qe2 Rxd1
31.Ncxd1 Bc5 32.Qd3 Kg7 33.Nc2 Nb5 34.Bxb5 cxb5 35.Qc3 Bd6 36.Nce3 Bd7 37.Kg2 Qc7
38.Qd3 Bc5 39.Nc2 Qc6 40.Nce3 Qe6 41.Nf2 Bd4 42.Qd2 a4 43.Nd5 Bc6 44.Nb4 Bb7
45.Qc2 Qd6 46.Nbd3 Qc6 47.Qxc6 Bxc6 48.Nb4 Bb7 49.Nd5 Kf8 50.Nd3 Bxd5 51.exd5 Ke7
52.f4 Kd6 53.Kf3 Kxd5 54.Nb4+ Kd6 55.Ke4 axb3 56.axb3 Bc3 57.Nd3 exf4 58.Nxf4 Be1
59.Ng2 Bf2 60.Kf3 Bg1 61.Ke4 Kc5 62.Kd3 Kb4 63.Kc2 Bf2 64.Kb2 Bg3 65.Kc2 Ka3
66.Kc3 Bf2 67.Kc2 b4  0-1